Statystyki dla Szachy Bierek

Kliknij tutaj aby rozwiązać quiz!

Ogólne statystyki

  • Ten quiz został rozwiązany 2 740 razy
  • Średni wynik to 5 z 6

Statystyki odpowiedzi

bierkę% Poprawnych
król
100%
wieża
95%
pion
91%
goniec
83%
skoczek
78%
hetman
73%

Rozkład punktacji

Percentyl według liczby udzielonych odpowiedzi

Procent ludzi z każdym wynikiem

Twoja historia wyników

Nie rozwiązałeś tego quizu